Score 0/10 Timer 03:00
13 Plays Today
% Correct
United States
98.4%
Canada
98.3%
Mexico
97.6%
Guatemala
80.4%
Cuba
79.5%
Nicaragua
76.8%
Honduras
75.2%
Panama
67.9%
Costa Rica
67.8%
Dominican Republic
60.8%
Remove Ads.
Support Sporcle.
Get the best of Sporcle when you Go Orange. This ad-free experience offers more features, more stats, and more fun while also helping to support Sporcle. Thank you for becoming a member.

You're not logged in!

Compare scores with friends on all Sporcle quizzes.
OR
Log In

Show Comments

Extras

Top Quizzes Today


Score Distribution

Your Account Isn't Verified!

In order to create a playlist on Sporcle, you need to verify the email address you used during registration. Go to your Sporcle Settings to finish the process.

Report this User

Report this user for behavior that violates our Community Guidelines.

Details: